Электромагнитные методы и средства неразрушающего контроля; Известия Томского политехнического университета [Известия ТПУ]; Т. 303, вып. 1
| Parent link: | Известия Томского политехнического университета [Известия ТПУ]/ Томский политехнический университет (ТПУ).— , 2000- Т. 303, вып. 1.— 2000.— [С. 250-261] |
|---|---|
| Altres autors: | , , , |
| Sumari: | Заглавие с титульного листа Электронная версия печатной публикации Описываются вихретоковые дефектоскопы для контроля водогазопроводных труб в технологическом потоке их производства, отличающиеся тем, что с целью выявления как коротких, так и протяженных дефектов труб они используют комбинированные первичные преобразователи, содержащие элементы проходных вихретоковых и индукционных, а также преобразователи, представляющие комбинацию проходных и накладных. Дается описание принципа селективных вихретоковых металлоискателей, основанных на использовании электромагнитных вращающихся полей. |
| Idioma: | rus |
| Publicat: |
2000
|
| Matèries: | |
| Accés en línia: | http://www.lib.tpu.ru/fulltext/v/Bulletin_TPU/2000/v303/i1/24.pdf |
| Format: | MixedMaterials Electrònic Capítol de llibre |
| KOHA link: | https://koha.lib.tpu.ru/cgi-bin/koha/opac-detail.pl?biblionumber=162548 |
MARC
| LEADER | 00000nla2a2200000 4500 | ||
|---|---|---|---|
| 001 | 162548 | ||
| 005 | 20240130125206.0 | ||
| 035 | |a (RuTPU)RU\TPU\book\176294 | ||
| 035 | |a RU\TPU\book\176292 | ||
| 090 | |a 162548 | ||
| 100 | |a 20090623d2000 k y0rusy50 ca | ||
| 101 | 0 | |a rus | |
| 102 | |a RU | ||
| 135 | |a drnn ---uucaa | ||
| 181 | 0 | |a i | |
| 182 | 0 | |a b | |
| 200 | 1 | |a Электромагнитные методы и средства неразрушающего контроля |f В. Ф. Булгаков [и др.] | |
| 203 | |a Текст |c электронный | ||
| 215 | |a 1 файл (1.6 Мб) | ||
| 300 | |a Заглавие с титульного листа | ||
| 300 | |a Электронная версия печатной публикации | ||
| 320 | |a [Библиогр.: с. 261 (18 назв.)] | ||
| 330 | |a Описываются вихретоковые дефектоскопы для контроля водогазопроводных труб в технологическом потоке их производства, отличающиеся тем, что с целью выявления как коротких, так и протяженных дефектов труб они используют комбинированные первичные преобразователи, содержащие элементы проходных вихретоковых и индукционных, а также преобразователи, представляющие комбинацию проходных и накладных. Дается описание принципа селективных вихретоковых металлоискателей, основанных на использовании электромагнитных вращающихся полей. | ||
| 337 | |a Adobe Reader | ||
| 461 | 1 | |0 (RuTPU)RU\TPU\book\176237 |t Известия Томского политехнического университета [Известия ТПУ] |f Томский политехнический университет (ТПУ) |d 2000- | |
| 463 | 1 | |0 (RuTPU)RU\TPU\book\176238 |t Т. 303, вып. 1 |o тематический выпуск |f под ред. Ю. П. Похолкова, В. Я. Ушакова |v [С. 250-261] |d 2000 |p 324 с. | |
| 610 | 1 | |a неразрушающий контроль | |
| 610 | 1 | |a электромагнитные методы | |
| 610 | 1 | |a вихретоковые дефектоскопы | |
| 610 | 1 | |a трубы | |
| 610 | 1 | |a производство | |
| 610 | 1 | |a дефекты | |
| 610 | 1 | |a металлоискатели | |
| 610 | 1 | |a труды учёных ТПУ | |
| 610 | 1 | |a электронный ресурс | |
| 701 | 1 | |a Булгаков |b В. Ф. | |
| 701 | 1 | |a Бутенко |b Е. В. | |
| 701 | 1 | |a Гольдштейн |b А. Е. |c специалист в области неразрушающего контроля |c профессор Томского политехнического университета, доктор технических наук |f 1954- |g Александр Ефремович |3 (RuTPU)RU\TPU\pers\26406 |9 12110 | |
| 701 | 1 | |a Жуков |b В. К. |c российский ученый, электрофизик |c Заслуженный профессор Томского политехнического университета |f 1937- |g Владимир Константинович |3 (RuTPU)RU\TPU\pers\19785 |4 070 | |
| 801 | 1 | |a RU |b 63413507 |c 20090623 |g PSBO | |
| 801 | 2 | |a RU |b 63413507 |c 20210318 |g PSBO | |
| 856 | 4 | |u http://www.lib.tpu.ru/fulltext/v/Bulletin_TPU/2000/v303/i1/24.pdf | |
| 942 | |c CF | ||